Memoria histórica de lo ocurrido en el teatro de la ciudad de Alcalá de Henares propio de la cofradía de Santa María La Mayor desde 1601 en que se proyectó su primera construcción, hasta 1832 en que se reedificó por la corporación, y en su representación / (Record no. 176696)

MARC details
000 -LEADER
campo de control de longitud fija 01140nam a22002055i 4500
001 - NÚMERO DE CONTROL
campo de control 176696
003 - IDENTIFICADOR DE NÚMERO DE CONTROL
campo de control ES-MaACL
005 - FECHA Y HORA DE LA ÚLTIMA TRANSACCIÓN
campo de control 20250824045115.0
008 - DATOS DE LONGITUD FIJA--INFORMACIÓN GENERAL
campo de control de longitud fija 110202s1999 sp |||| | spa d
020 ## - NÚMERO INTERNACIONAL ESTÁNDAR DEL LIBRO
Número Internacional Estándar del Libro 84-87914-41-1
080 ## - NÚMERO DE LA CLASIFICACIÓN DECIMAL UNIVERSAL
Número de la Clasificación Decimal Universal 725.822(460.27 Alcalá de Henares)"16/18"(091)
100 1# - ENTRADA PRINCIPAL--NOMBRE DE PERSONA
Nombre de persona Rayón, José Antonio.
9 (RLIN) 144989
245 10 - MENCIÓN DEL TÍTULO
Título Memoria histórica de lo ocurrido en el teatro de la ciudad de Alcalá de Henares propio de la cofradía de Santa María La Mayor desde 1601 en que se proyectó su primera construcción, hasta 1832 en que se reedificó por la corporación, y en su representación /
Mención de responsabilidad, etc. José Antonio Rayón.
260 ## - PUBLICACIÓN, DISTRIBUCIÓN, ETC.
Lugar de publicación, distribución, etc. [Alcalá de Henares] :
Nombre del editor, distribuidor, etc. Concejalía de Cultura, Relaciones Institucionales, Universidad y Patrimonio Histórico Artístico,
Fecha de publicación, distribución, etc. D. L. 1999.
300 ## - DESCRIPCIÓN FÍSICA
Extensión XXXV, 249 p. :
Otras características físicas il. bl. y n. ;
Dimensiones 22 cm.
500 ## - NOTA GENERAL
Nota general Reprod. facs. del libro manuscrito con nº de registro 3.435 de la colección histórica de la Biblioteca Municipal de Alcalá de Henares "Cardenal Cisneros"
610 27 - PUNTO DE ACCESO ADICIONAL DE MATERIA--NOMBRE DE ENTIDAD CORPORATIVA
Nombre de entidad corporativa o nombre de jurisdicción como elemento de entrada Teatro Cervantes (Alcalá de Henares)
Fuente del encabezamiento o término
9 (RLIN) 144990
852 ## - LOCALIZACIÓN
Ubicación ES-MaACL
Número de control de estantería E-14167
Holdings
Estatus retirado Estado de pérdida Estado de daño No para préstamo Biblioteca de origen Biblioteca actual Ubicación en estantería Fecha de adquisición Fuente de adquisición Total de préstamos Signatura topográfica completa Código de barras Visto por última vez Precio de reemplazo Tipo de ítem Koha
        Biblioteca del Ateneo de Madrid Biblioteca del Ateneo de Madrid Depósito 2 02/02/2011     E-14167 1185583 23/02/2023 23/02/2023 Libro impreso